000 01022nmm a2200289 a 4500
001 ocm0002347695
003 TR-IsHL
005 20201028185248.0
008 190905s2018 tu tur
007 cr cn
020 _a9786052022337
035 _a2347695
_b(N$T)
050 0 4 _aPG3476.B7
_bS619 2018
090 0 4 _aPG3476.B7
_bS619 2018
100 1 _aBulgakov, Mihail Afanasyeviç
245 1 0 _aKöpek kalbi
_h[electronic resource] /
_cMihail Afanasyeviç Bulgakov ; çeviren Kahraman Türel ; editör Gizem Eren Sütçüoğlu
260 _aİstanbul :
_bİlgi Kültür Sanat Yayıncılık ,
_c2018
300 _a192 p.
650 4 _aDil ve Edebiyat
650 4 _aLanguage and Literature
650 0 _aRus romanı
650 0 _aRussian fiction
650 7 _aLITERARY COLLECTIONS / Russian & Former Soviet Union
_2bisacsh
700 1 _aTürel, Kahraman
700 1 _aSütçüoğlu, Gizem Eren
856 4 0 _uhttp://search.ebscohost.com/login.aspx?direct=true&scope=site&db=e011xww&AN=2347695
999 _c21384
_d21384